Iron Fist- Main Characters - Statistics

General Stats
  • This quiz has been taken 46 times
  • The average score is 8 of 21
Answer Stats
Hint Name % Correct
Defender of K'un-Lun and Co-CEO of Rand Enterprises CEO Daniel T. 'Danny' Rand-K'ai/Iron Fist
90%
Last living son of K'un-Lun Davos/Iron Fist
81%
Former apprentice to one of the Hand's fingers. Colleen Wing/Iron Fist
79%
A nurse who specializes in powerful individuals. Claire Temple
55%
Co-Founder of Rand Enterprises (deceased-2004, resurrected, deceased-2016, resurrected-2016, deceased-2016) Harold Meachum
55%
Sister to a Co-CEO of Rand Enterprises Joy Meachum
52%
Drug dealer who fights both the Devil of Hell's Kitchen and the Defender of K'un-Lun. (presumed deceased-2016) Mme. Gao
52%
One of the Hand's five fingers (deceased-2016, resurrected- 2016, deceased-2016) Bakuto
50%
Police detective with a prosthetic arm. Det. Mercedes K. 'Misty' Knight
50%
Co-CEO of Rand Enterprises CEO Ward Meachum
48%
Former special ops soldier with DID. Sgt. Mary Walker
31%
Co-Founder of Rand Enterprises (deceased-2001) Wendell Rand
29%
Part of a street gang taken in by K'un-Lun's last son. (deceased-2017) BB
26%
One-eyed assistant to K'un-Lun's last son (deceased-2018) Chen Wu
14%
Scheming member of Rand Enterprises (deceased-2016) Lawrence Wilkins
14%
Leader of the Hatchet Gang Sherry Yang
14%
Head of the Bayard Community Centre Samuel 'Sam' Chung
10%
Working associate of Rand Enterprises Donald Hooper
5%
Main enforcer for an undead killer (deceased-2016) Kevin Singleton
5%
Working associate of Rand Enterprises Maria Rodriguez
5%
Leader of a street gang taken in by K'un-Lun's last son. (deceased-2017) Rynho
0%
No matching quizzes found
Score Distribution
Percent of People with Each Score
Percentile by Number Answered
Your Score History
You have not taken this quiz